00590nam a22001937a 450000500170000001000130001702000110003003500130004103700160005404000120007008200160008210000320009824500750013026000480020530000270025350000400028065000450032065000310036520170124110216.0 aA-949931 c175.00 aA-949931 bCen Lib/Ret aDPLbEN a954.08bRIZ aRizvi, Syed Sifarish Husain aPartition :cby Syed Sifarish Husain Rizvibend product of the trend / aPatnabKhuda Bakhsh Oriental Public Library axxxvi,256p. c21cm(Hb) aIncludes bibliographical references aHistory -- British occupation, 1765-1947 aHistory -- Partition, 1947